000 00478nam a2200181Ia 4500
003 GCL
008 140319s9999 xx 000 0 eng d
040 _aGCL /
_cGCL
082 0 4 _a610.736.78
_bB C
100 1 _aBEVIS, RUTH
245 1 0 _aCARING FOR WOMEN: OBSTETRIC AND GYNAECOLOGICAL NURSING /
_cBEVIS, RUTH
260 _a[S.N] :
_bBAILLIERE TINDALL ،
_c1991
300 _a452 P
650 0 4 _aNURSING
650 0 4 _aGYNECOLOGY
650 0 4 _aOBSTETRICS
942 _2ddc
_cBK
999 _c19887
_d19887